Estatísticas para Cultura Geral

Clique aqui para jogar o quiz

Estatísticas Gerais

  • Esse quiz foi jogado 30 vezes
  • A pontuação média é 6 de 15

Estatísticas das Respostas

HintResposta% Correto
Qual é a moeda da Alemanha?Euro
96%
Em que país surgiu o Hip Hop?Estados Unidos
81%
Qual cidade sul-americana é negligenciada pela estátua do Cristo Redentor?Rio de Janeiro
81%
Qual é a língua oficial de San Marino?Italiano
69%
Qual é a montanha mais alta de África?Kilimanjaro
46%
Em que país surgiu o cancan?França
42%
Quem foi o arqui-inimigo de Abraham Van Helsing?Drácula
31%
Que país um Sinófilo ama?China
27%
Em que mar desagua o rio Danúbio?Negro
27%
Quantos anos são comemorados por um sesquicentenário?150
23%
Qual banda tem um baixista chamado Flea?Red Hot Chili Peppers
19%
O que significa o C em YMCA?Christian
15%
Que artista famoso tinha as iniciais PP?Pablo Picasso
12%
Que objeto está associado ao striptease?Varão
8%
Quem é a autora da saga After?Anna Todd
0%

Distribuição das Pontuações

Percentil de Números Respondidos

Porcentagem de Pessoas com Cada Pontuação

Sua Pontuação Histórica

Você não jogou esse quiz